00665nam a2200229Ia 4500003000900000008004100009040001300050040001300063041000800076100001900084245003400103250001000137260001200147260000900159300001100168300001000179490001800189490000800207942000700215999001700222952019600239IT-RoPAU120407s9999 xx 000 0 und d aIT-RoPAU cIT-RoPAU afra aLucien Legrand aLa virginité dans la Bible. aParis aDu Cerf c1964 a160 p. c22 cm aLectio divina v139 cBK c26605d26605 00102ddc406222_33900000000000071aPAULUSbPAULUSd2012-04-11l0o222.339r2012-04-11 00:00:00w2012-04-11yBKzInserito da: Jole In data: 30 luglio 2011 fondo: Via A.Severo 56 Progr:22455